LEADER 02008nam 2200397 450 001 9910572198803321 005 20230509183944.0 035 $a(CKB)5860000000047684 035 $a(NjHacI)995860000000047684 035 $a(EXLCZ)995860000000047684 100 $a20230509d2021 uy 0 101 0 $aita 135 $aur||||||||||| 181 $ctxt$2rdacontent 182 $cc$2rdamedia 183 $acr$2rdacarrier 200 00$aCompetenza lessicale e apprendimento dell'Italiano L2 /$fa cura di Matteo La Grassa, Elisabetta Jafrancesco 210 1$aFlorence :$cFirenze University Press,$d2021. 215 $a1 online resource (162 pages) 225 1 $aStrumenti per la didattica e la ricerca 311 $a88-5518-404-0 330 $aIl volume affronta da diversi punti di vista il tema della didattica del lessico in italiano L2, definendone un quadro aggiornato ed eterogeneo. I contributi sono incentrati su argomenti di ampio respiro: l'avanzamento delle ricerche di linguistica acquisizionale, gli studi sull'interlingua, i risultati della ricerca psicolinguistica, il ruolo delle tecnologie educative, l'uso di strumenti lessicografici multimediali, la nuova attenzione alle lingue specialistiche, l'analisi dei processi comunicativi sui social. Ciascuno di questi temi e? trattato con specifico riferimento alla dimensione lessicale e alle possibili ricadute applicative per la didattica dell'Italiano L2. 410 0$aStrumenti per la didattica e la ricerca. 606 $aItalian language$xLexicology 606 $aItalian language$xStudy and teaching$xForeign speakers 615 0$aItalian language$xLexicology. 615 0$aItalian language$xStudy and teaching$xForeign speakers. 676 $a453.028 702 $aLa Grassa$b Matteo 702 $aJafrancesco$b Elisabetta 801 0$bNjHacI 801 1$bNjHacl 906 $aBOOK 912 $a9910572198803321 996 $aCompetenza lessicale e apprendimento dell?Italiano L2$92863919 997 $aUNINA